000 00463nam a22001697a 4500
008 150609b xxu||||| |||| 00| 0 eng d
041 0 _aeng
080 _a355.014
100 _aDrake, Jerry S.
245 0 0 _aThe gunfighter's apprentice /
_cJerry S. Drake.
260 _aNew York :
_bAvalon Books,
_cc2006.
300 _a214 f. ;
_bme il. ;
_c20 cm.
505 _aIndex: f. 236-238
650 0 _aThe gunfighters
650 0 _aLuftërat më arme
942 _2udc
_cBK
999 _c1008
_d1008